[Event "Besancon op"]
[Site "Besancon"]
[Date "2008.12.29"]
[Round "4"]
[White "Jannin, Andre"]
[Black "Banet, Jean"]
[Result "0-1"]
[WhiteElo "1470"]
[BlackElo "1810"]
[PlyCount "60"]
[EventDate "2008.12.26"]
[EventType "swiss"]
[EventRounds "7"]
[EventCountry "FRA"]
[SourceTitle "CBM 128 Extra"]
[Source "ChessBase"]
[SourceDate "2009.03.05"]
[SourceVersion "2"]
[SourceVersionDate "2009.03.25"]
[SourceQuality "1"]

1. e4 g6 2. d4 Bg7 3. Nf3 d6 4. Nc3 Nf6 5. Bg5 c6 6. Bc4 b5 7. Bd3 b4 8. Na4 Qa5 9. c3 Bg4 10. Bc2 Bxf3 11. Qxf3 Qxg5 12. e5 dxe5 13. dxe5 Qxe5+ 14. Kf1 0-0 15. Re1 Qb5+ 16. Kg1 Nbd7 17. Bb3 e6 18. c4 Qb7 19. h4 Qc7 20. g4 c5 21. h5 Rae8 22. Bc2 Ne5 23. Qf4 Nfd7 24. g5 Qb7 25. Re3 f5 26. hxg6 hxg6 27. Qh4 Nf3+ 28. Rxf3 Qxf3 29. Qh7+ Kf7 30. Rh6 Qg4+ 0-1

[Event "Besancon op"]
[Site "Besancon"]
[Date "2008.12.29"]
[Round "5"]
[White "Jannin, Andre"]
[Black "Flesch, Etienne"]
[Result "0-1"]
[WhiteElo "1470"]
[BlackElo "1620"]
[PlyCount "64"]
[EventDate "2008.12.26"]
[EventType "swiss"]
[EventRounds "7"]
[EventCountry "FRA"]
[SourceTitle "CBM 128 Extra"]
[Source "ChessBase"]
[SourceDate "2009.03.05"]
[SourceVersion "2"]
[SourceVersionDate "2009.03.25"]
[SourceQuality "1"]

1. e4 e5 2. Nf3 Nc6 3. c3 Nf6 4. Qc2 Bc5 5. d3 Ng4 6. d4 exd4 7. cxd4 Bxd4 8. Nxd4 Nxd4 9. Qc3 Qf6 10. Be3 Nc6 11. Bd3 Qxc3+ 12. Nxc3 Nxe3 13. fxe3 Nb4 14. Bb1 0-0 15. a3 Na6 16. 0-0 d6 17. b4 Be6 18. Rf4 c6 19. Bd3 Nc7 20. Raf1 b5 21. Rh4 g6 22. Ne2 a5 23. Rf3 axb4 24. Nf4 bxa3 25. Rg3 a2 26. Nh5 a1Q+ 27. Kf2 Ra2+ 28. Be2 f5 29. Nf4 fxe4 30. Rg5 Qf6 31. Rhh5 Kh8 32. Kg1 gxh5 0-1